LIBRARY & INFORMATION CENTRE, KCAET, TAVANUR

ONLINE PUBLIC ACCESS CATALOGUE (OPAC)

Artificial intelligence: A modern approach / (Record no. 13159)

MARC details
000 -LEADER
fixed length control field 00439cam a2200169ua 4500
041 ## - LANGUAGE CODE
Language code of text/sound track or separate title eng
082 ## - DEWEY DECIMAL CLASSIFICATION NUMBER
Classification number 006.3
Item number RUS/AR
100 ## - MAIN ENTRY--AUTHOR NAME
Personal name Russell, Stuart .
245 ## - TITLE STATEMENT
Title Artificial intelligence: A modern approach /
250 ## - EDITION STATEMENT
Edition statement 2 /
260 ## - PUBLICATION, DISTRIBUTION, ETC. (IMPRINT)
Place of publication :
Name of publisher Pearson Education Asia ,
Year of publication 2006.
300 ## - PHYSICAL DESCRIPTION
Number of Pages 1050 ; .
700 1# - ADDED ENTRY--PERSONAL NAME
Personal name Norvig, Peter .
942 ## - ADDED ENTRY ELEMENTS (KOHA)
Koha item type Books
Holdings
Withdrawn status Lost status Damaged status Home library Current library Date acquired Full call number Accession Number Koha item type
      KAUAET KAUAET 07/04/2012 006.3 21563 Books
free website counter